Pokemon appartenant à une famille évolutive (1ère génération) - Statistiques

Statistiques générales
  • Ce quiz a été pris 136 fois
  • Le résultat moyen est 80 sur 126
Statistiques - réponses
Nom du pokémon % Correct
1 Bulbizarre
94%
4 Salamèche
94%
7 Carapuce
92%
3 Florizarre
90%
5 Reptincel
89%
6 Dracaufeu
88%
2 Herbizarre
88%
25 Pikachu
88%
9 Tortank
88%
8 Carabaffe
86%
26 Raichu
83%
10 Chenipan
81%
16 Roucool
81%
13 Aspicot
78%
17 Roucoups
78%
148 Draco
77%
12 Papilusion
77%
19 Rattata
77%
14 Coconfort
75%
74 Racaillou
75%
11 Chrysacier
73%
20 Rattatac
73%
18 Roucarnage
73%
63 Abra
72%
15 Dardargnan
72%
149 Dracolosse
72%
66 Machoc
72%
65 Alakazam
71%
94 Ectoplasma
71%
75 Gravalanch
71%
130 Léviator
71%
67 Machopeur
71%
147 Minidraco
71%
21 Piafabec
71%
93 Spectrum
71%
120 Stari
71%
92 Fantominus
70%
64 Kadabra
70%
129 Magicarpe
70%
22 Rapasdepic
70%
59 Arcanin
69%
58 Caninos
69%
133 Évoli
69%
37 Goupix
69%
43 Mystherbe
69%
76 Grolem
67%
29 Nidoran♀
67%
32 Nidoran♂
67%
121 Staross
67%
69 Chétiflor
66%
38 Feunard
66%
68 Mackogneur
66%
30 Nidorina
66%
33 Nidorino
66%
136 Pyroli
66%
39 Rondoudou
66%
23 Abo
65%
134 Aquali
65%
34 Nidoking
65%
31 Nidoqueen
65%
44 Ortide
65%
135 Voltali
65%
41 Nosferapti
64%
45 Rafflesia
64%
24 Arbok
63%
70 Boustiflor
63%
52 Miaouss
63%
50 Taupiqueur
63%
40 Grodoudou
61%
53 Persian
61%
118 Poissirène
61%
77 Ponyta
61%
71 Empiflor
60%
42 Nosferalto
60%
27 Sabelette
60%
35 Mélofée
59%
119 Poissoroy
59%
78 Galopa
58%
36 Mélodelfe
58%
28 Sablaireau
58%
81 Magnéti
57%
48 Mimitoss
57%
109 Smogo
57%
110 Smogogo
57%
88 Tadmorv
57%
51 Triopikeur
57%
49 Aéromite
55%
89 Grotadmorv
55%
82 Magnéton
55%
54 Psykokwak
55%
72 Tentacool
55%
73 Tentacruel
55%
139 Amonistar
54%
84 Doduo
54%
101 Électrode
54%
140 Kabuto
54%
87 Lamantine
54%
86 Otaria
54%
100 Voltorbe
54%
138 Amonita
53%
141 Kabutops
53%
90 Kokiyas
53%
103 Noadkoko
53%
102 Nœunœuf
53%
91 Crustabri
52%
85 Dodrio
52%
60 Ptitard
52%
62 Tartard
51%
55 Akwakwak
49%
97 Hypnomade
49%
46 Paras
48%
96 Soporifik
48%
61 Têtarte
47%
56 Férosinge
46%
105 Ossatueur
46%
104 Osselait
46%
47 Parasect
46%
79 Ramoloss
46%
112 Rhinoféros
46%
80 Flagadoss
45%
111 Rhinocorne
45%
57 Colossinge
43%
117 Hypocéan
43%
116 Hypotrempe
43%
99 Krabboss
42%
98 Krabby
42%
Aucun quiz correspondant
Distribution des résultats
% des personnes avec chaque résultat
Percentile par nombre de réponses
Votre historique - résultats
Vous n’avez pas pris ce quiz